000 00219nam a22000857a 4500
008 170621b xxu||||| |||| 00| 0 eng d
100 _93602
_aMittal. A
245 _aDictionary of chemistry
260 _aNew Delhi
_bA. P. H
_c2009
999 _c6990
_d6990